000 00691nam a2200265Ia 4500
005 20260302113940.0
008 008 260114s9999 xx 000 0 eng d
020 _a9781350933927
037 _aTextbook
040 _aCRL
040 _beng
040 _cCRL
041 _2eng
041 _aeng
084 _qCRL
100 _aAlec McHoul
_91117297
245 0 _aHow to Analyze Talk in Institutional Settings A Casebook of Methods
260 _bBloomsbury
260 _bContinuum
260 _c2002
650 _aLinguistics
856 _uhttps://doi.org/10.5040/9781350933927?locatt=label:secondary_bloomsburyCollections
942 _cEBOOK
999 _c1680804
_d1680804